000 00755nam a2200217 i 4500
001 133395
003 ES-MaACL
005 20250727034237.0
007 t|
008 070214s1963 sp r ||||1| spa d
100 1 _aRühle, Jürgen.
_9168425
245 1 0 _aLiteratura y revolución /
_cJürgen Rühle ; [versión española de Manuel Orta Manzano].
260 _aBarcelona :
_bLuis de Caralt,
_c1963.
300 _a485 p., 14 lám. ;
_c25 cm.
650 7 _aComunismo y literatura
_2embne
_9160776
650 0 4 _aLiteratura alemana-
_yS.XX-
_xHistoria y crítica.
_914501
650 0 4 _aLiteratura rusa-
_yS.XX-
_xHistoria y crítica.
_914665
700 1 _aOrta Manzano, Manuel.
_987383
852 _aES-MaACL
_jC-24060
_bR.52864
999 _c133395
_d133395